000 00494nam a2200169 i 4500
001 101649
003 ES-MaACL
005 20230906182941.0
007 t|
008 051021s1932 fr ||||1| fre d
245 0 0 _aMélanges Albert Dufourcq
_b: études d'histoire religieuse /
_cpréface de Georges Goyau.
260 _aParis :
_bPlon,
_c1932.
300 _aXXII, 316 p. ;
_c19 cm.
700 1 _aGoyau, Georges.
_959406
700 1 _aDufourcq, Albert.
_9164105
852 _aES-MaACL
_jA-516
999 _c101649
_d101649